| 000 | 00823nam a2200253 u 4500 | ||
|---|---|---|---|
| 999 |
_c148485 _d148485 |
||
| 003 | UPN | ||
| 005 | 20240228064014.0 | ||
| 008 | 100608s2007 ck r 000 0 spa d | ||
| 020 | _a9789583018688 | ||
| 035 | _aUPN01000176382 | ||
| 040 |
_aUPN _bspa _cUPN |
||
| 049 | _aI | ||
| 050 | 4 |
_aPZ78 _bB3.3 |
|
| 100 | 1 | _aBastidas Padilla, Carlos | |
| 245 | 1 | 0 |
_aErase una vez el libro : _bla historia maravillosa del libro contada a los niños como un cuento / _cCarlos Bastidas Padilla ; il. Yody Castro. |
| 260 |
_aBogotá : _bPanamericana, _c2007. |
||
| 300 |
_a123 p. : _eil. col. |
||
| 440 | 0 |
_aCorcel. _pCuento |
|
| 650 | 4 |
_aLibros y lectura para niños _92290 |
|
| 650 | 0 |
_aCuentos infantiles colombianos _94407 |
|
| 650 | 4 |
_aLIBROS - _xHISTORIA - _vLITERATURA INFANTIL _911214 |
|
| 905 | _aLibro | ||
| 942 |
_2lcc _cLIBRO |
||